000 00479nam a2200181Ia 4500
005 20250326141431.0
008 250326s9999 xx 000 0 und d
037 _aTextbook
040 _aFMSL
_beng
_cFMSL
041 _aeng
_2eng
084 _qFMSL
100 _aBombay Stock
245 0 _aBombay stock exchange official directory
_cBombay Stock
260 _aElectronics
_bElectronics, Steel
_c1989
490 _vVol 11-12
942 _cTB
999 _c1290290
_d1290290